KOHA-Header-6

Indian Muslims through Thirteen Decades 1857 to 1987 (Record no. 6919)

000 -LEADER
fixed length control field 00287nam a2200109Ia 4500
100 ## - MAIN ENTRY--AUTHOR NAME
Personal name Javed Jeelani
245 #0 - TITLE STATEMENT
Title Indian Muslims through Thirteen Decades 1857 to 1987
260 ## - PUBLICATION, DISTRIBUTION, ETC. (IMPRINT)
Place of publication Karachi
Name of publisher Royal Book
Year of publication 1992
300 ## - PHYSICAL DESCRIPTION
Number of Pages 150
942 ## - ADDED ENTRY ELEMENTS (KOHA)
Koha item type Books
Holdings
Withdrawn status Lost status Collection code Permanent Location Current Location Shelving location Date acquired Full call number Accession Number Koha item type
    English Literature MAJU MAJU Shelf No.A13 2019-09-11 954.2970 437 English Literature

Powered by Koha